Bartlett School of Architecture Catalogue 2009 (Record no. 2943)
[ view plain ]
| 000 -LEADER | |
|---|---|
| fixed length control field | 00286nam a2200097Ia 4500 |
| 008 - FIXED-LENGTH DATA ELEMENTS--GENERAL INFORMATION | |
| fixed length control field | 200302s9999 xx 000 0 und d |
| 100 ## - MAIN ENTRY--PERSONAL NAME | |
| Personal name | Allford Hall Monaghan Morris |
| 245 ## - TITLE STATEMENT | |
| Title | Bartlett School of Architecture Catalogue 2009 |
| 260 ## - PUBLICATION, DISTRIBUTION, ETC. | |
| Name of publisher, distributor, etc. | Bartlett School of Arcitecture,UCL |
| 260 ## - PUBLICATION, DISTRIBUTION, ETC. | |
| Date of publication, distribution, etc. | 2009 |
| Withdrawn status | Lost status | Damaged status | Not for loan | Permanent Location | Current Location | Date acquired | Cost, normal purchase price | Full call number | Barcode | Date last seen | Price effective from | Koha item type |
|---|---|---|---|---|---|---|---|---|---|---|---|---|
| BMS College of Architecture, Design and Planning | BMS College of Architecture, Design and Planning | 2020-03-03 | 2152.00 | 709.410905 | CL-UG58405 | 2020-03-03 | 2020-03-03 | UG Books from CL |